| 000 | 00465nam a22001817a 4500 | ||
|---|---|---|---|
| 005 | 20260511131151.0 | ||
| 008 | 260511b |||||||| |||| 00| 0 eng d | ||
| 020 |
_a9789389538816 _c725.00 |
||
| 040 | _aMAIN | ||
| 041 | _aEnglish | ||
| 082 |
_a576.5 _bSTA |
||
| 100 |
_aStansfield, William D. _926727 |
||
| 245 | _aGenetics | ||
| 260 |
_aChennai _bMcGraw Hill Education _c2020 |
||
| 300 | _a170 | ||
| 650 |
_aEnvironment Science (PM USHA) _926725 |
||
| 942 | _cBK | ||
| 999 |
_c60761 _d60761 |
||